000 00875nam a2200205Ia 4500
003 GCL
008 140319s9999 xx 000 0 ara d
040 _aGCL /
_cGCL
082 0 4 _aق
_b338.962
_bا ب
100 1 _aابراهيم العيسوى
245 1 0 _aبدايات الطرق البديلة الى عام 2020 :
_bالشروط الابتدائية للسيناريوهات الرئيسية لمشروع مصر 2020 /
_cابراهيم العيسوى
260 _aالقاهرة :
_bمنتدى العالم الثالث. مكتب الشرق الاوسط ،
_c1998
300 _a72 ص ؛
_c30 سم
490 _aاوراق مصر 2020
_v2
650 0 4 _aالاقتصاد
650 0 4 _aمصر - الاحوال الاقتصادية
650 0 4 _aمصر - التنمية الاقتصادية
650 0 4 _aمصر - التخطيط الاقتصادى
942 _2ddc
_cBK
999 _c8350
_d8350